Przystanki linii autobusowej 123B w Toruniu - Statystyki

Ogólne statystyki
  • Ten quiz został rozwiązany 5 razy
  • Średni wynik to 35 z 45
Statystyki odpowiedzi
Odpowiedź % Poprawnych
Brzozówka
100%
Brzozówka - Sklep
100%
Kosynierów Kościuszkowskich
100%
Kosynierów Kościuszkowskich
100%
Krobia
100%
Lubicz Górny
100%
Lubicz - Tęczowa
100%
Odległa
100%
Odległa
100%
RUBINKOWO P&R
100%
RUBINKOWO P&R
100%
Słupska
100%
Słupska
100%
Szembekowo
100%
Szembekowo - OSP
100%
Jedwabno
75%
Jedwabno - Widokowa
75%
Krobia - Radosna
75%
Kusocińskiego
75%
Kusocińskiego
75%
Ligi Polskiej
75%
Ligi Polskiej
75%
Lubicz Dolny
75%
Mierzynek
75%
Mierzynek - Leśna
75%
Młyniec I
75%
Młyniec II
75%
Młyniec II - Dolina Drwęcy
75%
Młyniec II - Nad Doliną
75%
Olimpijska P&R
75%
Olimpijska P&R
75%
Szembekowo - Osiedlowa
75%
Szembekowo - Skrzyżowanie
75%
Wyszyńskiego
75%
Wyszyńskiego
75%
Brzozówka - Olszynowa
50%
Brzozówka - Wieś
50%
Gminna
50%
Lubicz Dolny - Kolejowa
50%
Lubicz Dolny - Lipowa
50%
Lubicz Dolny - Lipowa
50%
Lubicz Dolny - Urząd Gminy
50%
Młyniec I - Żwirownia
50%
Płocka
50%
Przelot
50%
Nie znaleziono quizów pasujących do podanych kryteriów
Rozkład punktacji
Procent ludzi z każdym wynikiem
Percentyl według liczby udzielonych odpowiedzi
Twoja historia wyników
Nie rozwiązałeś tego quizu